Osmijanko z obrazovky

Podrobná bibliografia
Hlavný autor: Hybáčková, Beáta (Autor)
Médium: Článok
Jazyk:slovenčina
Fyzický popis:Obr. 1.
Predmet:

MARC

LEADER 00000nab a2200000 a 4500
001 vtls000129682
003 SK-MaSNL
005 20260303032836.0
008 111104c1982 xo 0 slo
015 |a SNBRB19rr/mm-uuuuu 
035 |a CL0139788 
040 |a SNKBUCL  |b slo  |c SNKBUCL  |e AACR2 
041 0 |a slo 
044 |a xo  |c SK 
080 |a 792.071  |2 1981 
080 |a 929 Sogel, Ivan  |2 1981 
100 1 |a Hybáčková, Beáta  |4 aut  |9 422286 
245 1 0 |a Osmijanko z obrazovky  |c Beáta Hybáčková 
300 |b Obr. 1. 
600 1 7 |a Sogel, Ivan,  |d 1953-  |2 snkbucl  |9 168823 
655 7 |a články z novín a časopisov  |2 snkbucl  |9 267496 
773 0 |t Východoslovenské noviny  |g Roč. 31, č. 245 (15. 10. 1982), s. 4 
850 |a Slovenská národná knižnica v Martine  |a MTA001 
852 |a SNK  |b KIS3GCP 
958 |a RK 
992 |a RBX 
999 |c 1667172  |d 1669102